| 000 | 00842nmc a2200289 a 4500 | ||
|---|---|---|---|
| 003 | AR-BaBNM | ||
| 005 | 20251128204101.0 | ||
| 008 | 207119s1989 ||||||||||||||000 | spa|| | ||
| 020 | _a950-25-1335-5 | ||
| 040 | _cAR-BaBNM | ||
| 100 | 1 | _aKatz, Jorge | |
| 245 | 1 | 0 |
_aEl proceso de industrialización en la Argentina _bevolución, retroceso, y prospectiva |
| 260 |
_aBuenos Aires _bCentro Editor de América Latina _bCEPAL _c1989 |
||
| 300 | 0 |
_a111 p. _btablas |
|
| 490 | 0 | _aBibliotecas universitarias | |
| 504 | _aBibliografía p. 104-108 | ||
| 650 | 4 | _aHISTORIA ARGENTINA | |
| 650 | 4 | _aINDUSTRIALIZACION | |
| 650 | 4 | _aECONOMIA | |
| 650 | 4 | _aHISTORIA ECONOMICA | |
| 650 | 4 | _aHISTORIA POLITICA | |
| 650 | 4 | _aEXPORTACIONES | |
| 650 | 4 | _aCRECIMIENTO ECONOMICO | |
| 700 | 1 | _aKosacoff, Bernardo | |
| 942 | _cBK | ||
| 998 | _cmariana | ||
| 999 |
_c6100 _d6100 |
||